Лето для тебя (Запись № 9629615)

Подробности
000 -МАРКЕР
контрольное поле 01013nam0a2200325 i 4500
001 - ИДЕНТИФИКАТОР ЗАПИСИ
контрольное поле RU\NLR\BIBL_A\010676695
005 - ИДЕНТИФИКАТОР ВЕРСИИ
контрольное поле 20240726072357.0
010 ## - МЕЖДУНАРОДНЫЙ СТАНДАРТНЫЙ НОМЕР КНИГИ (ISBN)
Номер (ISBN) 9785170880171
Тираж 4000
021 ## - НОМЕР ГОСУДАРСТВЕННОЙ РЕГИСТРАЦИИ
Код страны Российская Федерация
Номер 2014-96923
Номер Листа государственной регистраци 5883
035 ## - ДРУГИЕ СИСТЕМНЫЕ НОМЕРА
Идентификатор записи (NILC)RuMoRGB-007844685
035 ## - ДРУГИЕ СИСТЕМНЫЕ НОМЕРА
Идентификатор записи (NLR Aleph) 010676695
100 ## - ДАННЫЕ ОБЩЕЙ ОБРАБОТКИ
Данные общей обработки 20150219d2015 um y0rusy50 ca
101 1# - ЯЗЫК РЕСУРСА
Язык текста, звукозаписи и т.д. русский
Язык оригинала английский
102 ## - СТРАНА ПУБЛИКАЦИИ ИЛИ ПРОИЗВОДСТВА
Страна публикации Российская Федерация
105 ## - ПОЛЕ КОДИРОВАННЫХ ДАННЫХ: ТЕКСТОВЫЕ МАТЕРИАЛЫ, МОНОГРАФИЧЕСКИЕ
Кодированные данные о монографическом текстовом документе y|||z|||000ay
200 1# - ЗАГЛАВИЕ И СВЕДЕНИЯ ОБ ОТВЕТСТВЕННОСТИ
Основное заглавие Лето для тебя
Сведения, относящиеся к заглавию [роман]
Первые сведения об ответственности Кейт Ноубл
Последующие сведения об ответственности [пер. с англ. Т. А. Осиной]
210 ## - ПУБЛИКАЦИЯ, РАСПРОСТРАНЕНИЕ И ДР.
Место издания, распространения и т.д. Москва
Имя издателя, распространителя и т. д. АСТ
Дата издания, распространения и т.д. 2015
215 ## - ФИЗИЧЕСКАЯ ХАРАКТЕРИСТИКА
Специфическое обозначение материала и объем 350, [1] с.
Размеры 17
225 1# - СЕРИЯ
Основное заглавие серии Мини шарм
333 ## - ПРИМЕЧАНИЯ ОБ ОСОБЕННОСТЯХ РАСПРОСТРАНЕНИЯ И ИСПОЛЬЗОВАНИЯ
Текст примечания 16+
686 1# - ИНДЕКСЫ ДРУГИХ КЛАССИФИКАЦИЙ
Индекс Ш6(7США)67-440.4{Лх1979-50}
700 #1 - ИМЯ ЛИЦА - ПЕРВИЧНАЯ ОТВЕТСТВЕННОСТЬ
Начальный элемент ввода Ноубл
Часть имени, кроме начального элемента ввода К.
Даты 1978-
Расширение инициалов личного имени Кейт
801 #0 - ИСТОЧНИК ЗАПИСИ
Страна Российская Федерация
Организация РГБ
Дата составления 20110728
Правила каталогизации RCR
801 #2 - ИСТОЧНИК ЗАПИСИ
Страна Российская Федерация
Организация РГБ
Дата составления 20141225
Правила каталогизации RCR
801 #1 - ИСТОЧНИК ЗАПИСИ
Страна Российская Федерация
Организация РГБ
Дата составления 20110728
Источник данных rusmarc
942 ## - ДОПОЛНИТЕЛЬНЫЕ ЭЛЕМЕНТЫ ЗАПИСИ (АБИС)
Тип экземпляра АБИС Книга
980 ## - КОЛЛЕКЦИЯ
Название коллекции НБР

Нет доступных экземпляров.